8. návyk : Od efektívnosti k vyjímečnosti

Salvato in:
Dettagli Bibliografici
Autore principale: Covey, Stephen R. (Autore)
Natura: Libro
Lingua:ceco
Pubblicazione: Praha : Management Press, 2005
Soggetti:
Accesso online:OBSAH
Tags: Aggiungi Tag
Nessun Tag, puoi essere il primo ad aggiungerne!!

MARC

LEADER 00000nam a22000003a 4500
001 stu129255
005 20150617225932.5
008 061107s2005----xr------------------cze-d
020 |a 80-7261-138-0 
040 |a STU  |b slo 
041 0 |a cze 
044 |a xr 
080 |a 159.923.5 
100 1 |a Covey, Stephen R.  |4 aut 
245 1 |a 8. návyk :  |b Od efektívnosti k vyjímečnosti 
260 |a Praha :  |b Management Press,  |c 2005 
300 |a 371 s 
650 7 |a sebazdokonaľovanie  |2 stusub 
650 7 |a úspech  |2 stusub 
650 7 |a medziľudské vzťahy  |2 stusub 
650 7 |a psychológia riadenia  |2 stusub 
856 4 |a https://sweb.mtf.stuba.sk/obsahy/od_efektivnosti_k_vyjimecnosti_05  |u https://sweb.mtf.stuba.sk/obsahy/od_efektivnosti_k_vyjimecnosti_05  |3 OBSAH 
996 |b 284M074692  |c M*11999-1  |l MMST  |s A  |a 24  |w stu129255_0001 
996 |b 284M074693  |c M*11999-2  |l MMKN  |s A  |a 24  |w stu129255_0002